| Tag |
First Indicator |
Second Indicator |
Subfields |
| LEADER |
00000cam a2200000 4500 |
| 001 |
in00003884021 |
| 005 |
20190415193136.0 |
| 006 |
m o d |
| 007 |
cr |n||||||||n |
| 008 |
830215s1736 xxu|||| o 00| | eng c |
| 035 |
|
|
|a (CU-RivES)W37753
|
| 035 |
|
|
|a (Uk-ES)006463567
|
| 035 |
|
|
|a (OCoLC)511268707
|
| 040 |
|
|
|a MWA
|c MWA
|d CU-RivES
|d CStRLIN
|d Cengage Gale
|d UtOrBLW
|
| 050 |
|
4 |
|a Z1215
|b .P756 1736
|
| 100 |
1 |
|
|a Prince, Thomas,
|d 1687-1758.
|0 http://id.loc.gov/authorities/names/n85067265
|
| 245 |
1 |
0 |
|a Christ abolishing death and bringing life and immortality to light in the Gospel :
|b A sermon occasioned by the death of the Honourable Mary Belcher late consort of His Excellency our present governour. Delivered at Boston, N.E. October 17. 1736, being the Lord's-Day after he funeral. By Thomas Prince, M.A. and one of the Pastors of the South Church. [Three lines from I Corinthians].
|
| 264 |
|
3 |
|a Boston :
|b Printed by J. Draper, for D. Henchman, over against the Brick Meeting-house in Cornhil,
|c 1736.
|
| 300 |
|
|
|a 1 online resource (2 unnumbered pages, 41, 3 unnumbered pages, ii, 6 pages)
|
| 336 |
|
|
|a text
|b txt
|2 rdacontent
|
| 337 |
|
|
|a computer
|b c
|2 rdamedia
|
| 338 |
|
|
|a online resource
|b cr
|2 rdacarrier
|
| 500 |
|
|
|a "To His Excellency Governour Belcher, on the death of his lady. An epistle. By the Reverend Mr. Byles."--[2], ii, 6 pages at end, in verse (Evans 3999).
|
| 509 |
|
|
|a Signatures: [A]⁴ B-F⁴ [G]⁴(-[G]4)
|
| 510 |
4 |
|
|a Evans,
|c 4067
|
| 510 |
4 |
|
|a Evans,
|c 3999
|
| 510 |
4 |
|
|a Wegelin, O. Amer. poetry,
|c 44
|
| 510 |
4 |
|
|a English Short Title Catalog,
|c W37753.
|
| 500 |
|
|
|a Reproduction of original from Boston Public Library.
|
| 500 |
|
|
|a Electronic resource.
|
| 600 |
1 |
0 |
|a Belcher, Mary Partridge,
|d 1685-1736.
|
| 655 |
|
7 |
|a Electronic books.
|2 local
|
| 655 |
|
7 |
|a Funeral sermons
|y 1736.
|2 rbgenr
|
| 655 |
|
7 |
|a Poems
|y 1736.
|2 rbgenr
|
| 700 |
1 |
|
|a Draper, John,
|d 1702-1762,
|e printer.
|0 http://id.loc.gov/authorities/names/n87869645
|
| 700 |
1 |
|
|a Henchman, Daniel,
|d 1689-1761,
|e bookseller.
|0 http://id.loc.gov/authorities/names/n85387586
|
| 700 |
1 |
|
|a Byles, Mather,
|d 1707-1788.
|t To His Excellency Governour Belcher, on the death of his lady.
|
| 710 |
2 |
|
|a Gale (Firm)
|0 http://id.loc.gov/authorities/names/no2008071348
|
| 752 |
|
|
|a United States
|b Massachusetts
|d Boston.
|
| 856 |
4 |
0 |
|u http://proxy.library.tamu.edu/login?url=http://find.galegroup.com/ecco/infomark.do?contentSet=ECCOArticles&docType=ECCOArticles&bookId=1513100800&type=getFullCitation&tabID=T001&prodId=ECCO&docLevel=TEXT_GRAPHICS&version=1.0&source=library&userGroupName=txshracd2898
|z Connect to the full text of this electronic book
|t 0
|
| 999 |
f |
f |
|s 8f071fbc-d94f-38f7-abf2-e1816c68e432
|i 2eeb62ab-7bd9-3362-92a9-39b24b9d1821
|t 0
|
| 952 |
f |
f |
|a Texas A&M University
|b College Station
|c Electronic Resources
|d Available Online
|t 0
|e Z1215 .P756 1736
|h Library of Congress classification
|
| 998 |
f |
f |
|a Z1215 .P756 1736
|t 0
|l Available Online
|